[Event "M.Chigorin Memorial 2014"]
[Site "St. Petersburg"]
[Date "2014.10.21"]
[Round "4.134"]
[White "Rygg, Snorre"]
[Black "Nikitinyh, Boris"]
[Result "1-0"]
[WhiteElo "1849"]
[BlackElo "2138"]
[PlyCount "75"]
[EventDate "2014.10.18"]

1. d4 Nf6 2. c4 g6 3. Nf3 Bg7 4. Nc3 O-O 5. e4 d6 6. Be2 Re8 7. O-O Nc6 8. Be3
Bg4 9. Rc1 Bxf3 10. Bxf3 e5 11. d5 Nd4 12. Nb5 c5 13. dxc6 bxc6 14. Nxd4 exd4
15. Bxd4 Nxe4 16. Re1 d5 17. Bxg7 Kxg7 18. cxd5 Qxd5 19. Qc2 f5 20. Bxe4 fxe4
21. Qxc6 Qxa2 22. Qb7+ Kh6 23. Rc7 Qg8 24. h4 Rad8 25. Qxa7 Rd3 26. b4 g5 27.
hxg5+ Kg6 28. Qa1 Qf8 29. b5 Kxg5 30. Rxh7 Kg6 31. Rc7 Red8 32. Rc6+ Kh7 33.
Qa7+ R8d7 34. Rc7 Qf5 35. Rxd7+ Rxd7 36. Qe3 Re7 37. b6 Kg8 38. Rc1 1-0

[Event "M.Chigorin Memorial 2014"]
[Site "St. Petersburg"]
[Date "2014.10.21"]
[Round "4.135"]
[White "Shilnikov, Igor S"]
[Black "Manin, Viktor"]
[Result "0-1"]
[WhiteElo "1839"]
[BlackElo "2137"]
[PlyCount "114"]
[EventDate "2014.10.18"]

1. d4 d5 2. Nf3 c6 3. Nc3 f5 4. Bg5 Qb6 5. Rb1 Nd7 6. e3 e6 7. a3 Ngf6 8. Bf4
a6 9. Be2 Be7 10. O-O O-O 11. h3 Re8 12. Ng5 Bf8 13. Nf3 Qd8 14. Bd3 b6 15. Ne2
b5 16. b4 a5 17. c3 a4 18. Bh2 g6 19. Bc2 Bb7 20. Nf4 Ne4 21. Qe1 Bg7 22. Nd3
Nb6 23. Nde5 Qe7 24. Bd3 Rf8 25. Qc1 Nd6 26. Bf4 Bf6 27. g4 g5 28. Bg3 Rad8 29.
Kg2 Kg7 30. Rh1 h5 31. gxh5 Qe8 32. Ng6 Rg8 33. h4 g4 34. Ng5 Nbc4 35. Nf4 Bc8
36. Ng6 Ne4 37. Bxe4 dxe4 38. Rd1 Kh6 39. Bf4 Kxh5 40. Ne5 Bxe5 41. dxe5 Rd3
42. Nh7 Rg6 43. Nf6+ Rxf6 44. exf6 e5 45. Bg5 Be6 46. Rxd3 exd3 47. e4 Qd7 48.
Bd2 Qd6 49. Be3 f4 50. Bc5 Qd7 51. Ra1 Qh7 52. Qe1 d2 53. Qd1 f3+ 54. Kg3 Qxe4
55. Be3 Nxe3 56. fxe3 Qxe3 57. Kh2 Qf2+ 0-1

[Event "M.Chigorin Memorial 2014"]
[Site "St. Petersburg"]
[Date "2014.10.21"]
[Round "4.136"]
[White "Semenenko, Sergey"]
[Black "Skvortsov, Sergey"]
[Result "1-0"]
[WhiteElo "2130"]
[BlackElo "1934"]
[PlyCount "41"]
[EventDate "2014.10.18"]

1. d4 Nf6 2. c4 e6 3. Nc3 Bb4 4. e3 O-O 5. Bd3 d5 6. a3 dxc4 7. Bxc4 Be7 8. Nf3
Nbd7 9. O-O b6 10. e4 Bb7 11. e5 Nd5 12. Nxd5 exd5 13. Ba2 Re8 14. Be3 Nf8 15.
Rc1 f6 16. exf6 Bxf6 17. b4 c6 18. a4 Qd7 19. Qd3 a6 20. h3 Re4 21. Qxe4 1-0

[Event "M.Chigorin Memorial 2014"]
[Site "St. Petersburg"]
[Date "2014.10.21"]
[Round "4.137"]
[White "Krasnikov, Mikhail"]
[Black "Ivanov, Rostislav"]
[Result "0-1"]
[WhiteElo "1828"]
[BlackElo "2129"]
[PlyCount "70"]
[EventDate "2014.10.18"]

1. d4 Nf6 2. c4 c5 3. d5 e6 4. Nc3 exd5 5. cxd5 d6 6. Nf3 g6 7. Bf4 a6 8. a4
Bg7 9. e4 O-O 10. Bd3 Bg4 11. h3 Bxf3 12. Qxf3 Re8 13. O-O Qc7 14. Nb1 Nbd7 15.
Bc2 Nh5 16. Bc1 b5 17. g4 Nhf6 18. Bf4 b4 19. a5 c4 20. Nd2 Rac8 21. Ba4 c3 22.
bxc3 bxc3 23. Rfc1 Qd8 24. g5 Nh5 25. Nf1 Nxf4 26. Qxf4 Re5 27. h4 Rc4 28. f3
Nc5 29. Bc2 Rxd5 30. Ne3 Ne6 31. Nxd5 Nxf4 32. Nxf4 h6 33. Rcb1 hxg5 34. Nxg6
gxh4 35. Rb7 Qg5+ 0-1

[Event "M.Chigorin Memorial 2014"]
[Site "St. Petersburg"]
[Date "2014.10.21"]
[Round "4.138"]
[White "Korchagina, Viktoria"]
[Black "Shuvalov, Arvind"]
[Result "1-0"]
[WhiteElo "2124"]
[BlackElo "1900"]
[PlyCount "47"]
[EventDate "2014.10.18"]

1. e4 c5 2. Nf3 d6 3. d4 cxd4 4. Nxd4 Nf6 5. Nc3 a6 6. Be3 e5 7. Nb3 Be6 8. f3
h5 9. Qd2 Be7 10. O-O-O Nbd7 11. Kb1 Qc7 12. Nd5 Bxd5 13. exd5 b5 14. Na5 Rc8
15. c4 bxc4 16. Bxc4 Nc5 17. Nc6 Qb7 18. Bxc5 dxc5 19. Qe2 Rxc6 20. dxc6 Qxc6
21. Qxe5 Nd7 22. Qe2 Qg6+ 23. Ka1 Qf6 24. Rhe1 1-0

[Event "M.Chigorin Memorial 2014"]
[Site "St. Petersburg"]
[Date "2014.10.21"]
[Round "4.139"]
[White "Shinkevich, Maksim"]
[Black "Pimenov, Valeri"]
[Result "0-1"]
[WhiteElo "1825"]
[BlackElo "2118"]
[PlyCount "80"]
[EventDate "2014.10.18"]

1. d4 Nf6 2. c4 e6 3. Nf3 b6 4. a3 d5 5. Nc3 Be7 6. g3 O-O 7. Bg2 Bb7 8. Ne5 c6
9. O-O Nfd7 10. Qd3 Nxe5 11. dxe5 Nd7 12. cxd5 cxd5 13. f4 Nc5 14. Qc2 Rc8 15.
Rd1 Qc7 16. Nb5 Qb8 17. b4 Ne4 18. Qb3 Rc4 19. Bb2 Rfc8 20. e3 a5 21. Bf1 axb4
22. Bxc4 dxc4 23. Qc2 Rc5 24. Nd6 b3 25. Qc1 Bxd6 26. exd6 c3 27. Rd3 cxb2 28.
Qxb2 Bd5 29. Qe5 f6 30. Qd4 Rc4 31. Qb2 Rc2 32. Qd4 Qxd6 33. Rb1 Qc5 34. Rbxb3
Rc1+ 35. Kg2 Nd2+ 36. Kh3 Qxd4 37. Rxd4 Nxb3 38. Rb4 Rc6 39. e4 Bc4 40. a4 Kf7
0-1

[Event "M.Chigorin Memorial 2014"]
[Site "St. Petersburg"]
[Date "2014.10.21"]
[Round "4.140"]
[White "Dobrovlyanskiy, Dmitriy"]
[Black "Glazov, Anatoly"]
[Result "1/2-1/2"]
[WhiteElo "2117"]
[BlackElo "1887"]
[PlyCount "91"]
[EventDate "2014.10.18"]

1. d4 Nf6 2. Nf3 d5 3. g3 c6 4. Bg2 Nbd7 5. O-O e6 6. c4 Bd6 7. Qc2 O-O 8. Nbd2
Re8 9. Rd1 e5 10. dxe5 Nxe5 11. Nxe5 Bxe5 12. Nf3 Bc7 13. Bg5 h6 14. Bxf6 Qxf6
15. cxd5 Bd7 16. Nd4 Bb6 17. e3 Rac8 18. dxc6 bxc6 19. a4 Bg4 20. Rd3 c5 21.
Nb5 c4 22. Rd6 Qe7 23. h3 Bh5 24. Rd5 Bg6 25. Qd2 Red8 26. Nd6 Rc5 27. Nb5
Rcxd5 28. Bxd5 Be4 29. Nc3 Ba5 30. Qd4 Bxc3 31. Qxe4 Qxe4 32. Bxe4 Bxb2 33. Rb1
Rd2 34. Kf1 g6 35. Ke1 Bc3 36. Kf1 Bb2 37. g4 Kg7 38. Ke1 c3 39. Rd1 c2 40.
Kxd2 cxd1=Q+ 41. Kxd1 Kf6 42. f4 g5 43. Bd5 Ke7 44. Ke2 Bc1 45. Kf3 f6 46. Ke4
1/2-1/2

[Event "M.Chigorin Memorial 2014"]
[Site "St. Petersburg"]
[Date "2014.10.21"]
[Round "4.141"]
[White "Dyakonova, Ekaterina"]
[Black "Babanin, Gleb"]
[Result "0-1"]
[WhiteElo "2112"]
[BlackElo "1883"]
[PlyCount "92"]
[EventDate "2014.10.18"]

1. e4 e5 2. Nf3 Nc6 3. Bb5 a6 4. Bxc6 dxc6 5. O-O Qd6 6. d3 Nf6 7. Be3 Be7 8.
Nbd2 Ng4 9. Nc4 Qg6 10. Qe2 b5 11. Ncd2 Nxe3 12. fxe3 O-O 13. d4 f6 14. b3 a5
15. Nh4 Qg4 16. Qf2 exd4 17. exd4 f5 18. Nxf5 Bxf5 19. exf5 Bf6 20. c3 c5 21.
h3 Qh5 22. Ne4 cxd4 23. cxd4 Bh4 24. Qf3 Qxf3 25. Rxf3 Rae8 26. Nc5 Bf6 27. Rd1
Re2 28. Rf2 Rxf2 29. Kxf2 Bxd4+ 30. Rxd4 Rxf5+ 31. Ke3 Rxc5 32. Rd7 Rc2 33. g3
Rxa2 34. Rxc7 Ra3 35. Rc8+ Kf7 36. Rc7+ Ke6 37. Rxg7 Rxb3+ 38. Kd4 a4 39. Rxh7
Rxg3 40. h4 b4 41. h5 b3 42. h6 b2 43. Rb7 Rb3 44. h7 b1=Q 45. h8=Q Qd3+ 46.
Kc5 Qd5# 0-1

[Event "M.Chigorin Memorial 2014"]
[Site "St. Petersburg"]
[Date "2014.10.21"]
[Round "4.142"]
[White "Okun, Evgeny"]
[Black "Stasenko, Alexey"]
[Result "1-0"]
[WhiteElo "2108"]
[BlackElo "1874"]
[PlyCount "69"]
[EventDate "2014.10.18"]

1. g3 e5 2. c4 d5 3. cxd5 Qxd5 4. Nf3 Bc5 5. Nc3 Qd8 6. Bg2 Nc6 7. Qa4 Bd7 8.
O-O Nf6 9. Qb5 Qe7 10. Qxb7 Rb8 11. Qa6 Nb4 12. Qc4 Nc2 13. Nd5 Nxd5 14. Qxc2
e4 15. Ne5 Bb5 16. d4 exd3 17. Nxd3 Nb4 18. Qxc5 Qxc5 19. Nxc5 Nc2 20. Bf4 Bxe2
21. Rae1 Nxe1 22. Rxe1 Rxb2 23. Bf3 Rxa2 24. Rxe2+ Rxe2 25. Bxe2 c6 26. Bb8 Ke7
27. Bxa7 Ra8 28. Bb6 Ra1+ 29. Kg2 Kd6 30. Nd3 f6 31. h4 Ra2 32. Bc5+ Ke6 33.
Bg4+ f5 34. Bf3 Ra6 35. Bd4 1-0

[Event "M.Chigorin Memorial 2014"]
[Site "St. Petersburg"]
[Date "2014.10.21"]
[Round "4.143"]
[White "Gurvich, Vitaly"]
[Black "Nordstrom, Hakon N"]
[Result "1-0"]
[WhiteElo "2106"]
[BlackElo "1847"]
[PlyCount "99"]
[EventDate "2014.10.18"]

1. d4 e6 2. c4 f5 3. g3 Nf6 4. Bg2 c6 5. Nf3 d5 6. O-O Bd6 7. b3 Qe7 8. Ne5 O-O
9. Nd2 Nbd7 10. Bb2 Ne4 11. Ndf3 f4 12. Qc2 fxg3 13. hxg3 Ndf6 14. Nd2 Nxd2 15.
Qxd2 Bd7 16. Nxd7 Nxd7 17. Qd3 Rf7 18. e4 dxe4 19. Qxe4 Nf6 20. Qe2 c5 21. Rad1
h5 22. d5 e5 23. Bh3 Ng4 24. Bxg4 hxg4 25. Qxg4 Rf6 26. Kg2 Raf8 27. Rfe1 Rf5
28. Bc1 Qe8 29. Rd2 R8f6 30. Rde2 Qf7 31. Be3 Rg6 32. Qh3 e4 33. Rh1 Kf8 34.
Qh8+ Ke7 35. Qh4+ Kd7 36. Qxe4 Re5 37. Qh4 Rf6 38. Qg4+ Kc7 39. Bf4 Rg6 40. Qf3
Rf5 41. Bxd6+ Kxd6 42. Qe3 Rgf6 43. Rh8 Rf3 44. Qe5+ Kd7 45. Qe8+ Qxe8 46.
Rhxe8 Rxf2+ 47. Rxf2 Kxe8 48. Rxf6 gxf6 49. Kf3 Kd7 50. Kf4 1-0

[Event "M.Chigorin Memorial 2014"]
[Site "St. Petersburg"]
[Date "2014.10.21"]
[Round "4.144"]
[White "Skvortsov, Alexander"]
[Black "Shapianov, Adam"]
[Result "1-0"]
[WhiteElo "2099"]
[BlackElo "1807"]
[PlyCount "81"]
[EventDate "2014.10.18"]

1. e4 c5 2. Nf3 e6 3. d4 cxd4 4. Nxd4 a6 5. Bd3 Qc7 6. O-O Bd6 7. f4 Bc5 8. c3
Nc6 9. Kh1 Nf6 10. Nb3 Ba7 11. Qe2 Qb6 12. e5 Nd5 13. Na3 Ne3 14. Re1 Nd5 15.
Bd2 Qf2 16. Qg4 Kf8 17. Re2 h5 18. Qg5 f6 19. exf6 gxf6 20. Qg6 Nce7 21. Qe4
Qh4 22. c4 Nc7 23. Nd4 Kf7 24. Nac2 b6 25. Bb4 Qg4 26. Bd6 f5 27. Qe3 Ne8 28.
Bxe7 Kxe7 29. Nxf5+ Kd8 30. h3 Qg8 31. Be4 Rb8 32. Nfd4 Nd6 33. Bf3 Nxc4 34.
Qd3 Nd6 35. Rd1 Qf8 36. Qc3 Rh7 37. Red2 Ke8 38. Nxe6 dxe6 39. Rxd6 Bd7 40. Qc7
Rc8 41. Bxh5+ 1-0

[Event "M.Chigorin Memorial 2014"]
[Site "St. Petersburg"]
[Date "2014.10.21"]
[Round "4.145"]
[White "Isaev, Vasily"]
[Black "Fraiman, Dmitry"]
[Result "1/2-1/2"]
[WhiteElo "1749"]
[BlackElo "2093"]
[PlyCount "79"]
[EventDate "2014.10.18"]

1. e4 c5 2. Nf3 d6 3. d4 cxd4 4. Qxd4 Nc6 5. Bb5 a6 6. Bxc6+ bxc6 7. c4 e5 8.
Qd3 Qc7 9. Nc3 Be7 10. O-O Nf6 11. Bg5 O-O 12. h3 Be6 13. Rfd1 Rad8 14. Qe2 h6
15. Bh4 a5 16. Bg3 Nd7 17. Na4 f5 18. exf5 Rxf5 19. Nd4 Rf6 20. Nxe6 Rxe6 21.
f4 Bf6 22. Qd2 exf4 23. Bxf4 Ne5 24. c5 d5 25. Nb6 Rde8 26. Re1 Nf3+ 27. gxf3
Rxe1+ 28. Rxe1 Rxe1+ 29. Qxe1 Qxf4 30. Nd7 Bd4+ 31. Kg2 Qf7 32. Qh4 Qg6+ 33.
Qg4 Qc2+ 34. Kg3 Bf2+ 35. Kf4 Bd4 36. Qe6+ Kh8 37. Qe8+ Kh7 38. Nf8+ Kg8 39.
Ne6+ Kh7 40. Nf8+ 1/2-1/2

[Event "M.Chigorin Memorial 2014"]
[Site "St. Petersburg"]
[Date "2014.10.21"]
[Round "4.146"]
[White "Matchenya, Ivan"]
[Black "Bimiev, Ahmad"]
[Result "1-0"]
[WhiteElo "1659"]
[BlackElo "2090"]
[PlyCount "59"]
[EventDate "2014.10.18"]

1. e4 d6 2. d4 Nf6 3. Nc3 g6 4. f4 Bg7 5. Nf3 O-O 6. Bd3 Nc6 7. e5 dxe5 8. dxe5
Nd5 9. Nxd5 Qxd5 10. Qe2 Bg4 11. O-O Nd4 12. Qe3 Nxf3+ 13. gxf3 Bh3 14. Re1
Rfd8 15. Qe2 Qd4+ 16. Be3 Qxb2 17. Reb1 Qc3 18. Bd2 Qc6 19. Be4 Qd7 20. Bxb7
Rab8 21. Be3 Qa4 22. c3 Qa5 23. Rb5 Qxc3 24. Rc1 Qa3 25. Rb3 Qa4 26. Bc6 Qa5
27. Rc5 Rxb3 28. Rxa5 Rb1+ 29. Kf2 Rdb8 30. Rb5 1-0

[Event "M.Chigorin Memorial 2014"]
[Site "St. Petersburg"]
[Date "2014.10.21"]
[Round "4.147"]
[White "Alieva, Alexandra"]
[Black "Zhivotovskaya, Asya"]
[Result "1/2-1/2"]
[WhiteElo "2085"]
[BlackElo "1775"]
[PlyCount "90"]
[EventDate "2014.10.18"]

1. e4 c5 2. Nf3 e6 3. c3 d5 4. exd5 Qxd5 5. d4 Nf6 6. Na3 cxd4 7. Nb5 Na6 8.
Nbxd4 Nc7 9. Bd3 e5 10. Qe2 Bd6 11. c4 Qc5 12. Nb3 Qb6 13. O-O Bg4 14. c5 Bxc5
15. Qxe5+ Ne6 16. Nxc5 Qxc5 17. Bb5+ Kf8 18. Be3 Qd5 19. Qxd5 Nxd5 20. Ne5 Bf5
21. Rad1 Nef4 22. Bc4 Be6 23. Bc5+ Ke8 24. Rfe1 f6 25. Bxd5 Nxd5 26. Ng6 hxg6
27. Rxe6+ Kf7 28. Rd6 b6 29. R6xd5 bxc5 30. Rxc5 Rhd8 31. Rc7+ Kf8 32. Rxd8+
Rxd8 33. g4 Rd2 34. Rxa7 Rxb2 35. Kg2 f5 36. h3 Kg8 37. a4 Rc2 38. a5 f4 39. g5
Rc3 40. a6 Ra3 41. Ra8+ Kh7 42. a7 f3+ 43. Kg3 Ra1 44. Kxf3 Ra3+ 45. Kg4 Rg3+
1/2-1/2

[Event "M.Chigorin Memorial 2014"]
[Site "St. Petersburg"]
[Date "2014.10.21"]
[Round "4.148"]
[White "Pankova, Julia"]
[Black "Belova, Olga"]
[Result "0-1"]
[WhiteElo "1655"]
[BlackElo "2080"]
[PlyCount "90"]
[EventDate "2014.10.18"]

1. e4 e5 2. Nf3 Nc6 3. Bb5 a6 4. Ba4 Nf6 5. O-O b5 6. Bb3 Bc5 7. a4 Rb8 8. axb5
axb5 9. Nxe5 Nxe5 10. d4 Bxd4 11. Qxd4 d6 12. f4 Nc6 13. Qc3 Ne7 14. e5 Ne4 15.
Qe1 Nc5 16. Ba2 O-O 17. Nd2 Bf5 18. Nb3 Bxc2 19. Nxc5 dxc5 20. Qf2 Bd3 21. Rd1
c4 22. Bb1 Ra8 23. Rxa8 Qxa8 24. Bxd3 cxd3 25. Rxd3 Qe4 26. Qe3 Qc4 27. Qd2 h6
28. Rc3 Qe6 29. Rd3 c6 30. Rf3 Nd5 31. Qd4 Qf5 32. Qc5 Rc8 33. h3 Qe4 34. Kh2
Nb4 35. Qc3 c5 36. Be3 Nd5 37. Qd2 b4 38. Rg3 c4 39. f5 c3 40. bxc3 bxc3 41.
Qc1 Nxe3 42. Rxe3 Qxf5 43. Re1 c2 44. Re2 Qd3 45. Rd2 Qxd2 0-1

[Event "M.Chigorin Memorial 2014"]
[Site "St. Petersburg"]
[Date "2014.10.21"]
[Round "4.149"]
[White "Mezentsev, Ivan"]
[Black "Fokin, Anatoly"]
[Result "1-0"]
[WhiteElo "2080"]
[BlackElo "1765"]
[PlyCount "97"]
[EventDate "2014.10.18"]

1. d4 d5 2. c4 e6 3. Nc3 Nf6 4. cxd5 exd5 5. Bg5 Nbd7 6. e3 c6 7. Bd3 Be7 8.
Nf3 O-O 9. O-O Re8 10. Qc2 Nf8 11. Ne5 N6d7 12. Bxe7 Qxe7 13. Nf3 g6 14. e4
dxe4 15. Nxe4 Nf6 16. Nc3 Bg4 17. Ne5 Be6 18. Rad1 Rad8 19. Qa4 a6 20. Rfe1 Qc7
21. Bf1 b5 22. Qxa6 Rd6 23. Qa3 Red8 24. Qc5 Nd5 25. Ne4 f6 26. Nxd6 Rxd6 27.
Nd3 Bf7 28. Nb4 Nd7 29. Nxd5 Bxd5 30. Qc3 Nf8 31. Bxb5 Qf7 32. Ba4 Ne6 33. Bb3
Rd8 34. Bxd5 cxd5 35. b4 Qd7 36. Qb3 Rb8 37. a4 Ng5 38. h4 Nf7 39. b5 Qf5 40.
b6 Nd6 41. a5 Nc4 42. Qb5 Kf7 43. Qc5 Qd7 44. Rc1 Rc8 45. Re7+ Qxe7 46. Qxc8
Qa3 47. Rxc4 dxc4 48. Qxc4+ Kg7 49. Qc7+ 1-0

[Event "M.Chigorin Memorial 2014"]
[Site "St. Petersburg"]
[Date "2014.10.21"]
[Round "4.150"]
[White "Khalikov, Bulat"]
[Black "Repkin, Alexander"]
[Result "0-1"]
[WhiteElo "1637"]
[BlackElo "2077"]
[PlyCount "194"]
[EventDate "2014.10.18"]

1. e4 e6 2. d4 d5 3. e5 c5 4. c3 Nc6 5. Nf3 f6 6. a3 fxe5 7. Nxe5 Nxe5 8. dxe5
g6 9. Bb5+ Bd7 10. Bxd7+ Qxd7 11. O-O Bg7 12. f4 Ne7 13. Be3 b6 14. b4 Rc8 15.
Qd3 O-O 16. Nd2 Rc7 17. Nf3 Rfc8 18. bxc5 bxc5 19. Qa6 Rc6 20. Qa5 Qb7 21. Rfb1
Rb6 22. Rxb6 axb6 23. Qb5 Rc6 24. Rb1 Qc7 25. a4 d4 26. cxd4 Nd5 27. Bd2 c4 28.
a5 c3 29. axb6 Rxb6 30. Qe8+ Bf8 31. Rxb6 Qxb6 32. Ng5 Qxd4+ 33. Kh1 Qa7 34.
Qxe6+ Kh8 35. Bxc3 Nxc3 36. Qf6+ Qg7 37. Qd8 Qe7 38. Qxe7 Bxe7 39. Ne6 Nb5 40.
g4 Kg8 41. f5 Kf7 42. Nf4 Bg5 43. Nd5 Nd4 44. e6+ Kf8 45. fxg6 hxg6 46. Kg2
Nxe6 47. Kg3 Kf7 48. h4 Bd2 49. g5 Ng7 50. Kg4 Nh5 51. Nc7 Ke7 52. Nb5 Ke6 53.
Nd4+ Kd5 54. Nf5 gxf5+ 55. Kxf5 Kd6 56. Kg4 Ng7 57. h5 Ke6 58. h6 Nf5 59. h7
Bc3 60. g6 Bg7 61. Kg5 Ke5 62. Kg4 Kf6 63. Kh5 Bh8 64. Kg4 Kxg6 65. Kf4 Nd4 66.
Ke4 Kxh7 67. Kf4 Kg6 68. Ke4 Kg5 69. Kd5 Kf5 70. Kd6 Be5+ 71. Kd5 Kf4 72. Kc4
Ke4 73. Kc5 Bc7 74. Kc4 Bd6 75. Kc3 Nc6 76. Kc4 Ne5+ 77. Kc3 Bc5 78. Kd2 Bb4+
79. Ke2 Nd3 80. Kf1 Kf3 81. Kg1 Nf2 82. Kh2 Ng4+ 83. Kg1 Bd6 84. Kh1 Nf2+ 85.
Kg1 Be5 86. Kf1 Bh2 87. Ke1 Ne4 88. Kf1 Nd2+ 89. Ke1 Ke3 90. Kd1 Kd3 91. Kc1
Nc4 92. Kd1 Bg3 93. Kc1 Bh4 94. Kb1 Kc3 95. Ka2 Bg5 96. Kb1 Kb3 97. Ka1 Bh6 0-1

[Event "M.Chigorin Memorial 2014"]
[Site "St. Petersburg"]
[Date "2014.10.21"]
[Round "4.151"]
[White "Chursina, Ada"]
[Black "Kolodkin, Daniil"]
[Result "0-1"]
[WhiteElo "1583"]
[BlackElo "2072"]
[PlyCount "58"]
[EventDate "2014.10.18"]

1. c4 e5 2. Nc3 Bb4 3. Qc2 Nf6 4. d3 Nc6 5. Nf3 d5 6. a3 Bxc3+ 7. Qxc3 d4 8.
Qc2 a5 9. g3 h6 10. Bg2 Bf5 11. O-O O-O 12. b3 Qd7 13. Rd1 Rfd8 14. Bd2 Qe6 15.
b4 axb4 16. axb4 Rxa1 17. Rxa1 e4 18. Nh4 Bg4 19. f3 e3 20. fxg4 exd2 21. Qxd2
Nxg4 22. b5 Nce5 23. Bxb7 Qb6 24. Bd5 Ne3 25. Ra6 Qc5 26. Ra8 Rxa8 27. Bxa8 Qa3
28. Bg2 Qa1+ 29. Kf2 N3g4# 0-1

[Event "M.Chigorin Memorial 2014"]
[Site "St. Petersburg"]
[Date "2014.10.21"]
[Round "4.153"]
[White "Grachev, Alexey"]
[Black "Vorobyova, Valeriya"]
[Result "1/2-1/2"]
[WhiteElo "2065"]
[BlackElo "1742"]
[PlyCount "89"]
[EventDate "2014.10.18"]

1. d4 Nf6 2. c4 g6 3. Nc3 d5 4. cxd5 Nxd5 5. e4 Nxc3 6. bxc3 Bg7 7. Bc4 c5 8.
Ne2 O-O 9. O-O cxd4 10. cxd4 Nc6 11. Be3 e6 12. Rc1 Qa5 13. Qb3 a6 14. d5 exd5
15. Bxd5 Qc7 16. Bc5 Re8 17. Bb6 Qe7 18. Rfd1 Be6 19. Nf4 Rac8 20. Nxe6 fxe6
21. Bc4 Kh8 22. Be2 Ne5 23. f4 Nd7 24. Bc7 Nc5 25. Bd6 Nxb3 26. Rxc8 Qf7 27.
Rxe8+ Qxe8 28. axb3 h5 29. Rc1 Qd7 30. e5 b5 31. Rc7 Qd8 32. Rb7 Qa5 33. b4
Qa1+ 34. Kf2 Qd4+ 35. Kg3 Qe3+ 36. Bf3 g5 37. fxg5 Qxg5+ 38. Kf2 Bxe5 39. Rb8+
Kg7 40. Rb7+ Kg8 41. Rb8+ Kf7 42. Rb7+ Kg8 43. Rb8+ Kf7 44. Rb7+ Kg8 45. Rb8+
1/2-1/2

[Event "M.Chigorin Memorial 2014"]
[Site "St. Petersburg"]
[Date "2014.10.21"]
[Round "4.154"]
[White "Androsov, Sergey"]
[Black "Lyubokhiner, Leonid M"]
[Result "1-0"]
[WhiteElo "2059"]
[BlackElo "1709"]
[PlyCount "105"]
[EventDate "2014.10.18"]

1. e4 e5 2. Nf3 Nc6 3. Bb5 Nf6 4. d3 Bc5 5. O-O d6 6. c3 Bb6 7. Nbd2 a6 8. Ba4
O-O 9. Bxc6 bxc6 10. Nc4 h6 11. h3 Be6 12. Nxb6 cxb6 13. Re1 c5 14. b3 b5 15.
Bb2 Ne8 16. d4 f6 17. Qe2 Qb6 18. Rad1 Rd8 19. Nh4 g5 20. Nf3 Ng7 21. g4 Qb7
22. d5 Bc8 23. Nh2 Qd7 24. Nf1 Rf7 25. Ng3 h5 26. f3 h4 27. Nf1 f5 28. exf5
Nxf5 29. Qe4 Ng3 30. Nxg3 hxg3 31. Bc1 Qe7 32. Kg2 Rdf8 33. Rf1 Qf6 34. Kxg3
Qh6 35. Rd2 Qh4+ 36. Kg2 Kg7 37. c4 Rh8 38. Rh1 Bxg4 39. Qxg4 Qxg4+ 40. fxg4
Kh6 41. Rf2 Rxf2+ 42. Kxf2 bxc4 43. bxc4 Kg6 44. Ke2 Rb8 45. Kd3 Rf8 46. h4
gxh4 47. Rxh4 Rf1 48. Kc2 Rf2+ 49. Bd2 Kg7 50. g5 Kf7 51. Rh7+ Kg6 52. Rh6+ Kg7
53. Rxd6 1-0

[Event "M.Chigorin Memorial 2014"]
[Site "St. Petersburg"]
[Date "2014.10.21"]
[Round "4.155"]
[White "Shemyakin, Valeriy"]
[Black "Rubtsov, Aleksandr"]
[Result "1-0"]
[WhiteElo "2054"]
[BlackElo "1666"]
[PlyCount "121"]
[EventDate "2014.10.18"]

1. d4 d5 2. c4 c6 3. Qb3 Nf6 4. Nf3 Qb6 5. c5 Qc7 6. g3 Bf5 7. Bf4 Qc8 8. Nc3
e6 9. Bg2 Nbd7 10. Nh4 Be7 11. Nxf5 exf5 12. Qc2 g6 13. O-O O-O 14. b4 Re8 15.
f3 Nf8 16. e4 fxe4 17. fxe4 dxe4 18. Nxe4 Nxe4 19. Bxe4 Bf6 20. Rad1 Ne6 21.
Be3 Bg7 22. d5 cxd5 23. Bxd5 Re7 24. Qb3 Qc7 25. Rd2 Rd8 26. Rfd1 Rde8 27. Qa4
a6 28. Bxe6 Rxe6 29. Bf4 Qc6 30. Qxc6 Rxc6 31. Rd8 Rce6 32. R1d7 Bc3 33. Rxe8+
Rxe8 34. Rxb7 Rc8 35. Rb8 Rxb8 36. Bxb8 Kf8 37. Bd6+ Ke8 38. c6 Kd8 39. Kf2
Bd4+ 40. Kf3 Bb6 41. Ke4 f5+ 42. Kd5 Bc7 43. a4 Bb6 44. b5 axb5 45. axb5 Bg1
46. h3 Bb6 47. Bc5 Bc7 48. b6 Bxg3 49. Bd6 Bxd6 50. Kxd6 Kc8 51. b7+ Kb8 52.
Kd7 f4 53. c7+ Kxb7 54. c8=Q+ Kb6 55. Qc6+ Ka5 56. Qb7 h5 57. Kc6 Ka4 58. Kc5
Ka3 59. Kc4 Ka2 60. Kc3 Ka3 61. Qb3# 1-0

[Event "M.Chigorin Memorial 2014"]
[Site "St. Petersburg"]
[Date "2014.10.21"]
[Round "4.156"]
[White "Pronin, Vladimir"]
[Black "Bezobrazov, Lev"]
[Result "1-0"]
[WhiteElo "2053"]
[BlackElo "1579"]
[PlyCount "93"]
[EventDate "2014.10.18"]

1. e4 Nf6 2. e5 Nd5 3. Nc3 e6 4. Nxd5 exd5 5. d4 d6 6. exd6 Qxd6 7. Bd3 Be7 8.
Qh5 Nd7 9. h3 Qe6+ 10. Ne2 Nf6 11. Qf3 Bd7 12. O-O O-O-O 13. Ng3 Bf8 14. Bf4 h6
15. Rfe1 Qb6 16. c3 g5 17. Be5 Bg7 18. Nf5 Bxf5 19. Bxf5+ Kb8 20. b4 h5 21. a4
g4 22. Qd3 gxh3 23. a5 Qc6 24. b5 Qc4 25. Qxc4 dxc4 26. b6 Nd5 27. bxc7+ Nxc7
28. Bxg7 Rhg8 29. Be5 Rxg2+ 30. Kh1 Rxf2 31. Be4 f5 32. Bg3 Rb2 33. Bxf5 Rg8
34. Bh2 Rf2 35. Bxh3 b5 36. Re7 Rxh2+ 37. Kxh2 Nd5 38. Rh7 Nxc3 39. Bg2 a6 40.
d5 b4 41. Rxh5 b3 42. Rh6 Nb5 43. Rxa6 Na7 44. d6 Rg7 45. Rb6+ Kc8 46. Bh3+ Rd7
47. Rg1 1-0

[Event "M.Chigorin Memorial 2014"]
[Site "St. Petersburg"]
[Date "2014.10.21"]
[Round "4.157"]
[White "Opanasenko, Mikhail"]
[Black "Shugalei, Mikhail"]
[Result "1-0"]
[WhiteElo "2048"]
[BlackElo "1649"]
[PlyCount "103"]
[EventDate "2014.10.18"]

1. d4 d5 2. c4 c6 3. Nf3 Nf6 4. e3 Bf5 5. Qb3 Qb6 6. Qxb6 axb6 7. Nc3 e6 8. Bd2
Ne4 9. Nxe4 Bxe4 10. Bc3 Nd7 11. Nd2 Bg6 12. f3 Be7 13. a3 Bg5 14. Kf2 Be7 15.
e4 dxe4 16. fxe4 O-O 17. Re1 Nf6 18. e5 Ng4+ 19. Kg3 Nh6 20. Nf3 Nf5+ 21. Kf2
Bh5 22. Be2 Nh4 23. Nxh4 Bxh4+ 24. g3 Bxe2 25. Rxe2 Be7 26. Rd1 Rad8 27. Red2
f6 28. exf6 Bxf6 29. Kg2 c5 30. d5 Bxc3 31. bxc3 exd5 32. cxd5 Rd6 33. c4 Ra8
34. Rd3 Ra4 35. Rc3 Ra5 36. Rb3 Ra4 37. Rc1 Rf6 38. Rd3 Rd6 39. Kf3 Kf7 40. Ke4
b5 41. Ke5 bxc4 42. Rxc4 Raa6 43. Rxc5 Ke7 44. Rb5 Rab6 45. Rc5 Ra6 46. Rf3 Ra7
47. Rb5 Raa6 48. Rd3 Rh6 49. h4 Rh5+ 50. Ke4 Kd6 51. Rdb3 Ke7 52. d6+ 1-0

[Event "M.Chigorin Memorial 2014"]
[Site "St. Petersburg"]
[Date "2014.10.21"]
[Round "4.159"]
[White "Shakhmatov, Roman"]
[Black "Petukhov, Vasily N"]
[Result "0-1"]
[WhiteElo "1775"]
[BlackElo "2113"]
[PlyCount "100"]
[EventDate "2014.10.18"]

1. e4 c5 2. Nf3 Nc6 3. Bb5 e6 4. Bxc6 bxc6 5. d3 Ne7 6. Qe2 f6 7. Nh4 g6 8. b3
Bg7 9. Bb2 O-O 10. Nd2 e5 11. O-O-O d5 12. g3 Qc7 13. Ng2 Bh3 14. Ne3 f5 15. f3
fxe4 16. fxe4 Rf7 17. g4 Raf8 18. Rdg1 d4 19. Nd1 Bh6 20. Rg3 Bf1 21. Qe1 Bf4
22. Rgg1 Bh3 23. Kb1 g5 24. Nc4 Ng6 25. Nf2 Bd2 26. Qxd2 Rxf2 27. Qxg5 Bg2 28.
h4 Bxh1 29. Rxh1 Rf1+ 30. Rxf1 Rxf1+ 31. Bc1 Qg7 32. Kb2 Nf4 33. Qd8+ Qf8 34.
Qxf8+ Kxf8 35. Nxe5 Ng2 36. Bg5 Ne3 37. Nxc6 Rf2 38. e5 Nxc2 39. Kc1 Ne1 40. e6
Nxd3+ 41. Kd1 Rxa2 42. Nb8 Nf2+ 43. Ke1 Ne4 44. Nd7+ Ke8 45. Nf6+ Nxf6 46. Bxf6
Ra6 47. Kd2 Rxe6 48. Bg5 Re4 49. Kd3 Rxg4 50. Kc4 Rxg5 0-1

[Event "M.Chigorin Memorial 2014"]
[Site "St. Petersburg"]
[Date "2014.10.21"]
[Round "4.160"]
[White "Belov, Nikita"]
[Black "Gantsevich, Aleksey A"]
[Result "1-0"]
[WhiteElo "2106"]
[BlackElo "1766"]
[PlyCount "75"]
[EventDate "2014.10.18"]

1. c4 Nf6 2. g3 g6 3. Bg2 Bg7 4. Nc3 d6 5. e3 O-O 6. Nge2 Nbd7 7. O-O e5 8. b4
a5 9. b5 Re8 10. Bb2 Rb8 11. Rc1 Nc5 12. d4 exd4 13. exd4 Ne6 14. Qd2 Bd7 15.
Rfe1 c6 16. d5 cxd5 17. Nxd5 Nxd5 18. cxd5 Nc5 19. Nf4 b6 20. h4 h5 21. Bf3 Bg4
22. Bxg4 hxg4 23. Rxe8+ Qxe8 24. Bxg7 Kxg7 25. Re1 Qd7 26. Qd4+ Kh7 27. h5 Re8
28. hxg6+ fxg6 29. Rxe8 Qxe8 30. Qd1 g5 31. Nd3 Nxd3 32. Qxd3+ Kg7 33. Qd4+ Qe5
34. Qxb6 Qxd5 35. Qc7+ Kg6 36. Qc2+ Kf7 37. b6 Ke7 38. b7 1-0